000
00274nam a2200109Ia 4500
008
220120s9999||||xx |||||||||||||| ||und||
100
_a
Basavaraj, S.P
245
2
_a
A text book of field theory
260
_a
Subhas Publications
_c
2006
300
_b
130
650
_a
MANAGEMENT
999
_c
137201
_d
137201